|
|
|
|
| LEADER |
00000naa a2200000uu 4500 |
| 001 |
vtls011091409 |
| 003 |
SK-MaSNL |
| 005 |
20260302110249.0 |
| 008 |
210905|2012 xo |||||||||||||||||pol| |
| 015 |
|
|
|a SNBRA
|
| 035 |
|
|
|a (urnnbn)urn:nbn:sk:snk:ar-a0cqqh
|
| 035 |
|
|
|a (uuid)0475d147-c72c-4bfa-9b1c-e33aefba50dd
|
| 035 |
|
|
|a urn:nbn:sk:snk-aavwgh
|
| 040 |
|
|
|a SNKBUCL
|b slo
|c SNKBUCL
|e AACR2
|
| 041 |
0 |
|
|a pol
|
| 044 |
|
|
|a xo
|c SK
|
| 100 |
1 |
|
|a Rosowska, Agata
|4 aut
|9 786086
|
| 245 |
1 |
0 |
|a ROZWÓJ SZKOLNICTWA WYŻSZEGO NA PODBESKIDZIU PO 1989 ROKU
|c Agata Rosowska
|
| 773 |
0 |
|
|t "Ekonomicko-sociálne aspekty cezhraničnej spolupráce hospodárskych objektov v regióne Žilinského kraja a Sliezskeho vojvodstva"
|d Žilina : Mida print, 2012
|g S. 168-175
|z 9788097101824
|
| 958 |
|
|
|a OND
|
| 958 |
|
|
|a article12
|
| 958 |
|
|
|a chapter
|
| 999 |
|
|
|c 1242467
|d 1244397
|